Samajik parshasan (Record no. 62947)

MARC details
000 -LEADER
fixed length control field 00350nam a2200145Ia 4500
008 - FIXED-LENGTH DATA ELEMENTS--GENERAL INFORMATION
fixed length control field 230917s9999||||xx |||||||||||||| ||und||
040 ## - CATALOGING SOURCE
-- 124880
Original cataloging agency VIVEKANANDA LIBRARY
041 ## - Language
-- English
082 ## - DDC NUMBER
Classification number 361.6 M687S
100 ## - MAIN ENTRY--PERSONAL NAME
Personal name Mishar, Dayakrishan
245 #0 - TITLE STATEMENT
Title Samajik parshasan
260 ## - PUBLICATION, DISTRIBUTION, ETC. (IMPRINT)
Place of publication, distribution, etc Jaipur
Name of publisher, distributor, etc College Book Depot
Date of publication, distribution, etc 1989
300 ## - PHYSICAL DESCRIPTION
Pages 392 p.
942 ## - ADDED ENTRY ELEMENTS (KOHA)
Koha item type Books
Holdings
Withdrawn status Lost status Damaged status Not for loan Location (home branch) Sublocation or collection (holding branch) Date acquired Koha issues (times borrowed) Koha full call number Accession No. Koha date last seen Koha item type
        VIVEKANANDA LIBRARY VIVEKANANDA LIBRARY 03/09/2009   361.6 M687S 134770 17/09/2023 Books
© Designed and Maintained by Vivekananda Library, MDU Rohtak